000 00632nam a2200193Ia 4500
005 20260114185825.0
008 008 260114s9999 xx 000 0 eng d
020 _a9780567659330
037 _aEBOOK
040 _aCRL
_beng
_cCRL
041 _aeng
_2eng
084 _qCRL
100 _aNevada Levi DeLapp
_9874853
245 4 _aThe Reformed David(s) and the Question of Resistance to Tyranny Reading the Bible in the 16th and 17th Centuries
260 _bBloomsbury
_c2014
856 _uhttps://doi.org/10.5040/9780567659330?locatt=label:secondary_bloomsburyCollections
942 _cEBOOK
999 _c1473787
_d1473787